| 000 | 00593nam a2200169Ia 4500 | ||
|---|---|---|---|
| 003 | GCL | ||
| 008 | 140319s9999 xx 000 0 ara d | ||
| 040 |
_aGCL / _cGCL |
||
| 082 | 0 | 4 |
_a025.34 _bص ا |
| 100 | 1 | _aصباح رحيمة محسن | |
| 245 | 1 | 0 |
_aادارة وتوثيق المعلومات الارشيفية جوانبها النظرية والتطبيقية والعملية / _cصباح رحيمة محسن |
| 300 |
_a115 ص ؛ _c24 سم |
||
| 650 | 0 | 4 | _aالوثائق |
| 650 | 0 | 4 | _aمراكز المعلومات |
| 650 | 0 | 4 | _aالارشيف والمحفوظات |
| 942 |
_2ddc _cBK |
||
| 999 |
_c5487 _d5487 |
||